| 000 | 00592cab a2200205 4500 | ||
|---|---|---|---|
| 001 | ABS44631 | ||
| 008 | 090401t1991 xxu||||| |||| 00| 0 eng d | ||
| 035 | _a(Sirsi) u48112 | ||
| 041 | _aeng | ||
| 245 | _aGrowths dead weight | ||
| 260 | _c1991 | ||
| 350 | _a0 | ||
| 490 |
_aEconomist _v319(7711) 15 June 1991, 13-14(2) |
||
| 520 | _aCompares the property recession in USA , Japan and UK and suggests ways to make the market less volatile. | ||
| 650 | _aBOOM-BUST CYCLES | ||
| 650 | _aPROPERTY MARKET | ||
| 690 | _aPROPERTY-COMMERCIAL PROPERTY | ||
| 942 | _n0 | ||
| 948 | _c04/03/1997 | ||
| 999 |
_c30232 _d30232 |
||